| 000 | 00758nam a2200229 i 4500 | ||
|---|---|---|---|
| 001 | bg | ||
| 100 | 1 | _aLeech, Geoffrey. | |
| 245 | 0 | 0 |
_aAn A-Z of English grammar and usage / _cGeoffrey Leech, assoc. auth. Benita Cruickshank, Roz Ivanic. |
| 250 | _a4th impr. | ||
| 260 |
_aHarlow, England : _bAddison Wesley Longman, _c1997. |
||
| 300 |
_aXV, 575 s. : _brys., tab. ; _c22 cm. |
||
| 650 | 9 |
_aJęzyk angielski _xgramatyka _ypodręcznik akademicki |
|
| 700 | 1 |
_aCruickshank, Benita. _eWspółaut. |
|
| 700 | 1 |
_aIvanic, Roz. _eWspółaut. |
|
| 020 | _a175560218 | ||
| 040 | _cBPK | ||
| 041 | 0 | _aeng | |
| 044 | _aGBR | ||
| 942 | _cKS | ||
| 008 | s pl f |000 0 pol | ||
| 999 |
_c54450 _d54450 |
||
| 856 |
_uhttp://koha.tu.koszalin.pl/cgi-bin/koha/opac-detail.pl?biblionumber=54450 _yKatalog online BPK |
||